Chemical reactor analysis and design fundamentals /

Guardado en:
Autor Principal: Rawlings, James Blake.
Otros Autores: Ekerdt, John G.
Formato: Libro
Idioma:English
Publicado: Madison, Wis. : Nob Hill Pub., c2002.
Materias:
Acceso en línea:Tabla de contenido
Etiquetas: Agregar Etiqueta
Sin Etiquetas, Sea el primero en etiquetar este registro!
LEADER 00946cam a22002535a 4500
001 EIQ.libpla003310
008 020523s2002####wiua#####b####001#0#eng#d
005 20080926185910.0
245 1 0 |a Chemical reactor analysis and design fundamentals /  |c James B. Rawlings, John G. Ekerdt. 
260 |a Madison, Wis. :  |b Nob Hill Pub.,  |c c2002. 
300 |a xxx, 609 p. :  |b il. ;  |c 24 cm. 
504 |a Incluye referencias bibliográficas e índice. 
020 |a 0615118844 
100 1 |a Rawlings, James Blake. 
700 1 |a Ekerdt, John G. 
082 0 0 |a 660/.2832  |2 21 
650 4 |a Reactores químicos  |x Diseño. 
650 4 |a Reactores químicos  |x Construcción. 
650 4 |a Chemical reactors  |x Design. 
650 4 |a Chemical reactors  |x Construction. 
010 |a  2001135832 
040 |a GZM  |c GZM  |d DLC  |d AR-BbSID 
856 4 1 |3 Tabla de contenido  |u http://www.loc.gov/catdir/toc/fy031/2001135832.html 
859 |a AR-BbSID  |b BIB. PLAPIQUI  |h 660.283 221  |i R 199  |p 5703